000 00825nam a22002057a 4500
999 _c7353
_d7353
003 AR-CdUCM
008 190320b ||||| |||| 00| 0 spa d
040 _aMUNICIPALIDAD PROVINCIAL DEL CUSCO
_cBIBLIOTECA MUNICIPAL DEL CUSCO
082 _a192.9 /
_bD67
100 _aDíaz Guerrero, Rogelio
_920721
245 _aHacia una teoría histórico--biopsico--socio--cultural del comportamiento humano /
260 _aMéxico :
_bTrillas,
_c1972.
300 _a123 páginas ;
_c23 cm.
505 _aContenido : Capítulo I : El por que del comportamiento humano -- Capitulo II : Etnociencia y etnopsicologia -- Capítulo III : Los comos y los porqués en las teorías del comportamiento humano ...
650 _aTeoría
_95077
650 _aPsicología
_91538
650 _aSocial
_92020
942 _2ddc
_cLIBROS
945 _arah